Liedtext: Minus 90 Grad - Eisbrecher - Statistiken

Allgemein
  • Dieses Quiz wurde 3 mal gespielt
  • Das Durchschnittsergebnis liegt bei 15 aus 37
Antwortstatistiken
Antwort % Korrekt
90
100%
Minus
100%
aus
67%
da
67%
da
67%
da
67%
da
67%
der
67%
Die
67%
Ein
67%
Grad
67%
ist
67%
Ist
67%
Ist
67%
Ist
67%
Ist
67%
Kann
67%
mich
67%
Mir
67%
Nichts
67%
hören?
33%
jemand?
33%
jemand?
33%
kalt
33%
Eiszeit,
0%
endlosem
0%
Hände
0%
irgendjemand
0%
irgendjemand?
0%
irgendjemand?
0%
Körper
0%
Labyrinth
0%
starr
0%
taub,
0%
weißem
0%
Zeitlos
0%
Ziellos,
0%
Keine übereinstimmenden Quizze gefunden
Verteilung der Resultate
Anzahl Personen mit jedem Resultat
Perzentil nach korrekt beantworteten Fragen
Ihre Resultats-Entwicklung
Sie haben dieses Quiz noch nicht gespielt